• 首页
  • 本馆介绍
  • 公告通知
  • 最新文献
  • 馆藏检索
  • 电子资源
  • 读者导购
  • 参考咨询
  • 我的图书馆
  • 登录
  • 详细信息显示
  • 放入我的书架
  • 预约/预借图书
  • 作者相关作品
  • 分类相关作品
  • 丛书相关作品
  • 出版社相关作品

书目信息

  • 表格格式
  • 工作单格式
  • 卡片格式
题名:
北魏崔敬邕墓志
    
 
作者: ;<历代碑帖法书选>编辑组 编
分册:  
出版信息: 北京   文物出版社  
页数: 一册
开本: 20cm
丛书名:
单 册:
中图分类: J292.23
科图分类:
主题词: 书法--中国 , 篆刻--中国
电子资源:
ISBN:
000 00627nam0 2200217 45
001 0312221749
005 20040520110923.9
010    @dCNY0.26
091    @a8068.1331
100    @a20031222d km y0chiy0120 ea
101    @achi
105    @a z 000yy
200 1  @a北魏崔敬邕墓志@ABei Wei Cui Jing Yong Mu Zhi@f<历代碑帖法书选>编辑组编@F
  • Bian Ji Zu Bian
  • 210    @a北京@c文物出版社
    215    @a一册@d20cm
    606 0  @a书法@x中国
    606 0  @a篆刻@x中国
    690    @aJ292.23@v3
    711 02 @a<历代碑帖法书选>编辑组@4编
    801    @aCN@bTSTCL@c20031222
    905    @dJ292.23@e174@f2@b228361-362
        
        北魏崔敬邕墓志/<历代碑帖法书选>编辑组编.-北京:文物出版社
        一册;20cm
        
        
        ISBN :CNY0.26
        
    ●
    相关链接 在E读中查询图书 在五车中查询图书 在当当中查询图书 在豆瓣中查询图书


    正题名:北魏崔敬邕墓志     索取号:J292.23/174         预约/预借

    序号 登录号 条形码 馆藏地/架位号 状态 备注
    1 0207957   202079570   第一样本阅览室/ [索取号:J292.23/174] 在馆    
    2 0207957   001207615   第一借阅区/ [索取号:J292.23/174] 在馆    
    3 0228361   001207642   第一借阅区/ [索取号:J292.23/174] 在馆    
    4 0228362   001210273   第一借阅区/ [索取号:J292.23/174] 在馆    
    唐山师范学院图书馆 欢迎您!
    大连网信软件有限公司© 版权所有